Allotment gardening (Record no. 35924)

MARC details
000 -LEADER
fixed length control field 00272nam a2200109Ia 4500
082 ## - DEWEY DECIMAL CLASSIFICATION NUMBER
Classification number 635
Item number CHO
100 ## - MAIN ENTRY--AUTHOR NAME
Personal name CHOISY, Kevin de
245 #0 - TITLE STATEMENT
Title Allotment gardening
260 ## - PUBLICATION, DISTRIBUTION, ETC. (IMPRINT)
Place of publication Wellingborough
Name of publisher Throsons Pub
Year of publication 1979
942 ## - ADDED ENTRY ELEMENTS (KOHA)
Koha item type Books
Holdings
Withdrawn status Lost status Damaged status Not for loan Home library Current library Date acquired Full call number Accession Number Koha item type
        RRII Library RRII Library 16/12/2021 635 CHO 16343 Books